000 00992nas a2200301 4500
001 BR2016001928
003 BR-BrBNA
005 20231205130321.0
007 ta
008 230509b bl.|||p| |||| 00| 00por d
040 _aBR-BrBNA
_bpor
_cBiblioteca Nacional de Agricultura
041 _a(En)
072 _aL72
100 1 _aValladão, G.M.R.
100 1 _aGiannecchini, L.G.
100 1 _aMartins, M.L.
100 1 _aPádua, S.B. de
245 1 _aTrichodina modesta: an exotic ciliate in the Neotropical region parasitizing an unusual host
650 _aPEIXE ORNAMENTAL
650 _aPARASITO DE ANIMAL
650 _aINFESTACAO
650 _aPARASITOLOGIA
650 _aGEOMORFOLOGIA
773 0 _tBrazilian Journal of Veterinary Parasitology (Brazil)
_xISSN 1984-2961
_g(Apr-Jun 2015), v. 24(2) p. 162-167
_wBR2016001928
856 4 0 _uhttp://www.scielo.br/pdf/rbpv/v24n2/1984-2961-rbpv-24-2-162.pdf
909 _a202311
_bLúcia
_c55
_dLúcia Elande
942 _2AGRIS
_n0
_cANA
999 _c248814
_d248814